| 000 | 00662nam a22002057a 4500 | ||
|---|---|---|---|
| 003 | OSt | ||
| 005 | 20251129103707.0 | ||
| 008 | 251129b |||||||| |||| 00| 0 eng d | ||
| 020 | _a971-513-204-9. | ||
| 040 |
_aDWCL-Main lib. _cOC |
||
| 082 |
_22nd ed. _aFil. 303.483 M915s 2006 |
||
| 100 | _aMosteiro, Arnaldo P. | ||
| 245 |
_aScience, technology and society/ _cArnaldo P. Mosteiro |
||
| 250 | _a2nd ed. | ||
| 260 |
_aManila : _bEducational Publishing House, _cc2006. |
||
| 300 |
_axiii, 348 pages. ; _c23 centimeters. |
||
| 650 | _a1. Science-Social aspects. | ||
| 650 | _a2. Technology-Social aspects. | ||
| 942 |
_2ddc _cBK - FIL _e2nd ed. _hFil. _n0 |
||
| 999 |
_c6606 _d6606 |
||